000 01101nam a2200325 a 4500
001 ELB71209
003 FlNmELB
006 m o d |
007 cr cn|||||||||
008 201012r2006 cu |||||s|||||||||||spa d
020 _z9789590701597
035 _a(MiAaPQ)EBC3191627
035 _a(Au-PeEL)EBL3191627
035 _a(CaPaEBR)ebr10431019
035 _a(OCoLC)929436114
040 _aFlNmELB
_bspa
_cFlNmELB
050 4 _aQC174.12
_bD594 2006
080 _a530.145
082 0 4 _a530.1/2
_222
100 1 _aDios Leyva, Melquiades de.
245 1 0 _aMecánica cuántica
_h[recurso electronico] /
_cMelquiades de Dios Leyva.
260 _aLa Habana :
_bEditorial Félix Varela,
_c2006.
300 _axiv, 321 p.
533 _aRecurso electrónico. Santa Fe, Arg.: e-libro, 2015. Disponible vía World Wide Web. El acceso puede estar limitado para las bibliotecas afiliadas a e-libro.
650 0 _aQuantum theory.
650 0 _aQuanta, Teoría de los.
655 4 _aLibros electrónicos.
710 2 _ae-libro, Corp.
856 4 0 _uhttps://elibro.net/ereader/usam/71209
999 _c147463
_d147463